|
|
|
|
| LEADER |
01111nam a2200253 i 4500 |
| 001 |
c000238586 |
| 003 |
CARM |
| 005 |
00000000000000.0 |
| 008 |
840302s1977 enk 0 eng d |
| 019 |
1 |
|
|a 1194390
|z 40256944
|z 44286706
|z 58056287
|5 LACONCORD2021
|
| 020 |
|
|
|a 004622002X
|
| 020 |
|
|
|a 0046220038
|
| 035 |
|
|
|a (OCoLC)3820392
|5 LACONCORD2021
|
| 082 |
0 |
4 |
|a 338.2/7/20941
|
| 100 |
1 |
|
|a Berkovitch, Israel.
|
| 245 |
1 |
0 |
|a Coal on the switchback :
|b the coal industry since nationalisation /
|c [by] Israel Berkovitch ; with a foreword by Sir Derek Ezra.
|
| 260 |
|
|
|a London :
|b Allen and Unwin,
|c 1977.
|
| 300 |
|
|
|a 3-237p :
|b ill, 2 maps ;
|c 23cm.
|
| 650 |
|
0 |
|a Coal mines and mining
|z Great Britain
|x History.
|
| 852 |
8 |
|
|b CARM
|h A2:AQ33A0
|i B07149
|p 0366042
|f BK
|
| 852 |
8 |
|
|b CARM
|h A1:AL38B0
|i B10261
|p 0487109
|f BK
|
| 999 |
f |
f |
|i 5090251b-44b8-5b40-a16c-14e8988a98be
|s a5dcbebb-9454-5668-878d-fc9f80baa91d
|
| 952 |
f |
f |
|p Can circulate
|a CAVAL
|b CAVAL
|c CAVAL
|d CARM 1 Store
|e B10261
|f A1:AL38B0
|h Other scheme
|i book
|m 0487109
|
| 952 |
f |
f |
|p Can circulate
|a CAVAL
|b CAVAL
|c CAVAL
|d CARM 1 Store
|e B07149
|f A2:AQ33A0
|h Other scheme
|i book
|m 0366042
|